000 00633nam a2200193 a 4500
003 BD-DhJNU
005 20251030045049.0
008 251001s2010 ii a b 001 0 eng
020 _a9781845111922
040 _aBD-DhJNU
_bENG
_cBD-DhJNU
_dBD-DhJNU
082 0 0 _a791.436 KHF
_223
100 1 _aKhatib, Lina
245 1 0 _aFilming the modern Middle East :
_bpolitics in the cinemas of hollywood and the Arab World /
_cLina Khatib
260 _aLondon :
_bI.B. Tauris & Co.,,
_c2010.
300 _a254 p. :
_bill. ;
_c27 cm.
504 _aIncludes bibliographical references and index.
650 0 _aMiddle Eastern cinema
942 _cBK
999 _c2321
_d2321